| 000 | 01248pam a2200337 a 4500 | ||
|---|---|---|---|
| 001 | 3384672 | ||
| 003 | ost | ||
| 005 | 20140310182019.0 | ||
| 008 | 881020s1989 nyua j 000 1 eng | ||
| 010 | _a 88037896 | ||
| 020 |
_a0394823443 _c$1.95 |
||
| 020 | _a0394823443 | ||
| 040 |
_aDLC _cDLC _dDLC |
||
| 042 | _alcac | ||
| 050 | 0 | 0 |
_aPZ 7 _b.Sa257 1989 |
| 082 | 0 | 0 |
_aKF _bSa8m 1989 |
| 100 | 1 |
_aSaunders, Susan. _96785 |
|
| 245 | 1 | 4 |
_aThe mystery of the hard luck rodeo / _cSusan Saunders ; illustrated by Melodye Rosales. |
| 260 |
_aNew York : _bRandom House, _cc1989. |
||
| 300 |
_a62 p. ; _bill. ; _c20 cm. |
||
| 490 | 0 | _aA Stepping stone book | |
| 520 | _aFourth grader Tommy Price, Jr., and his friend Bonnie Sue, whose families work for area rodeos, investigate the mysterious occurrences that threaten to close down the Red Bluffs Rodeo and stop country singer Mel Jones from performing. | ||
| 541 | _j1 | ||
| 562 | _efor circulation. 1 copy available in the collection | ||
| 650 | 1 |
_aRodeos _xFiction. _96941 |
|
| 650 | 1 |
_aMystery and detective stories. _93790 |
|
| 700 | 1 |
_aRosales, Melodye, _eill. _96942 |
|
| 740 | 0 | _aHard luck rodeo. | |
| 906 |
_a7 _bcbc _corignew _d1 _eocip _f19 _gy-gencatlg |
||
| 942 |
_2lcc _cBK-KF _kKF |
||
| 999 |
_c8316 _d8316 |
||